[Event "Poti Aleksandria Cup-B 8th"]
[Site "Poti"]
[Date "2013.07.18"]
[Round "6"]
[White "Mindorashvili, Vano"]
[Black "Gvarjaladze, Nugzar"]
[Result "0-1"]
[WhiteElo "1985"]
[BlackElo "1946"]
[PlyCount "174"]
[EventDate "2013.07.13"]
[EventType "swiss"]
[EventRounds "9"]
[EventCountry "GEO"]
[SourceTitle "EXT 2014"]
[Source "ChessBase"]
[SourceDate "2013.11.20"]
[SourceVersion "1"]
[SourceVersionDate "2013.11.20"]
[SourceQuality "1"]

1. d4 d5 2. c4 e6 3. Nf3 Nf6 4. Bg5 Be7 5. Nc3 h6 6. Bh4 b6 7. cxd5 exd5 8. e3 0-0 9. Bd3 Be6 10. 0-0 Nbd7 11. Rc1 c5 12. h3 a6 13. a4 Nh5 14. Bxe7 Qxe7 15. dxc5 bxc5 16. Qe2 Qd6 17. Rfd1 Qb6 18. Bb1 Nhf6 19. Ba2 c4 20. Bb1 Rfd8 21. Nd4 Nc5 22. Rd2 Rac8 23. Rcd1 Qa5 24. Bc2 Qb6 25. Nf5 Kf8 26. Rb1 Rc7 27. Qf3 Ncd7 28. Qg3 Bxf5 29. Bxf5 Nc5 30. Rbd1 Qc6 31. e4 Nb3 32. exd5 Qd6 33. Qxd6+ Rxd6 34. Re2 g6 35. Bc2 Nc5 36. f3 Rb7 37. Rd4 Rxb2 38. Rxc4 Ncd7 39. Rc6 Rb6 40. Rxd6 Rxd6 41. Rd2 Nb6 42. Bb3 Ke7 43. Kf2 Nbd7 44. Ke3 Rb6 45. Bc4 Ne5 46. Be2 g5 47. a5 Rd6 48. Kd4 Nc6+ 49. Kc5 Nd7+ 50. Kc4 Nxa5+ 51. Kb4 Nb7 52. Bc4 Rb6+ 53. Ka3 Nd6 54. Re2+ Kd8 55. Ba2 Nc5 56. Ne4 Nb5+ 57. Kb4 Nxe4 58. Rxe4 Rb8 59. Re5 Kd7 60. Kc5 Nd6 61. Re2 Rb5+ 62. Kd4 f6 63. Ke3 Nf5+ 64. Kf2 Nd6 65. Kg3 h5 66. Kf2 h4 67. Ke3 Ra5 68. Bb1 Rxd5 69. Bd3 Re5+ 70. Kf2 Rxe2+ 71. Kxe2 a5 72. Ke3 Ke6 73. f4 Nf5+ 74. Kf3 Nd6 75. Kg4 gxf4 76. Kxh4 a4 77. Kg4 a3 78. Bb1 Ne4 79. Ba2+ Ke5 80. h4 f5+ 81. Kh5 Nc3 82. Bb3 Kf6 83. Kh6 a2 84. Bxa2 Nxa2 85. Kh7 Nb4 86. h5 Nd3 87. h6 Ne5 0-1

[Event "Poti Aleksandria Cup-B 8th"]
[Site "Poti"]
[Date "2013.07.16"]
[Round "5"]
[White "Bechvaia, Gabriel"]
[Black "Mindorashvili, Vano"]
[Result "0-1"]
[WhiteElo "1830"]
[BlackElo "1985"]
[PlyCount "100"]
[EventDate "2013.07.13"]
[EventType "swiss"]
[EventRounds "9"]
[EventCountry "GEO"]
[SourceTitle "EXT 2014"]
[Source "ChessBase"]
[SourceDate "2013.11.20"]
[SourceVersion "1"]
[SourceVersionDate "2013.11.20"]
[SourceQuality "1"]

1. d4 d6 2. c4 g6 3. Nf3 Bg7 4. g3 e5 5. Nc3 exd4 6. Nxd4 Ne7 7. Bg2 Nbc6 8. Be3 0-0 9. 0-0 Ne5 10. b3 Ng4 11. Qd2 Nxe3 12. Qxe3 c5 13. Nc2 Nf5 14. Qd2 Qa5 15. Ne4 Qxd2 16. Nxd2 Bxa1 17. Rxa1 Rb8 18. Rd1 Rd8 19. Ne4 Be6 20. g4 Nh4 21. Ne3 Nxg2 22. Kxg2 b6 23. g5 Kg7 24. Nxd6 Rd7 25. Nb5 Rxd1 26. Nxd1 Bd7 27. Nc7 Bc6+ 28. Kf1 Rd8 29. Ke1 Rd7 30. Ne8+ Kh8 31. Nf6 Rd4 32. Ne3 Be4 33. Nfg4 Bb1 34. a3 Ba2 35. Ne5 Bxb3 36. Nxf7+ Kg7 37. Ne5 Re4 38. Nf3 Ba4 39. Kd2 Bc6 40. Kd3 Rf4 41. Ng2 Rg4 42. Nge1 Be4+ 43. Kc3 Bxf3 44. Nxf3 Rg2 45. Kd2 Rxf2 46. Ke1 Rg2 47. h3 Rg3 48. Kf2 Rxh3 49. Kg2 Rh5 50. a4 h6 0-1

[Event "Poti Aleksandria Cup-B 8th"]
[Site "Poti"]
[Date "2013.07.16"]
[Round "4"]
[White "Mindorashvili, Vano"]
[Black "Nazaryan, Armenak"]
[Result "1-0"]
[WhiteElo "1985"]
[BlackElo "1694"]
[PlyCount "83"]
[EventDate "2013.07.13"]
[EventType "swiss"]
[EventRounds "9"]
[EventCountry "GEO"]
[SourceTitle "EXT 2014"]
[Source "ChessBase"]
[SourceDate "2013.11.20"]
[SourceVersion "1"]
[SourceVersionDate "2013.11.20"]
[SourceQuality "1"]

1. d4 d5 2. c4 e6 3. Nf3 c6 4. Qc2 Nf6 5. Bg5 Nbd7 6. Nbd2 Be7 7. e3 h6 8. Bh4 0-0 9. Bd3 Qc7 10. 0-0 Re8 11. Rfe1 b6 12. Bg3 Bd6 13. Bxd6 Qxd6 14. e4 dxe4 15. Nxe4 Qe7 16. Nxf6+ Nxf6 17. c5 Nd5 18. a3 Bb7 19. b4 b5 20. Ne5 Nf6 21. Qe2 Red8 22. Rad1 Nd5 23. Bc2 a5 24. Qd3 Nf6 25. Re3 Rd5 26. Rf3 Rad8 27. Ng4 Rxd4 28. Nxf6+ Kf8 29. Nh7+ Kg8 30. Qxd4 Rxd4 31. Rxd4 axb4 32. axb4 e5 33. Rd6 e4 34. Rf4 f5 35. Rxf5 Kxh7 36. f3 Bc8 37. Rf4 Qg5 38. Bxe4+ Kg8 39. g3 Bh3 40. Bxc6 Qe5 41. Rd8+ Kh7 42. Be4+ 1-0